Vista normal
Vista MARC
Entrada Personal Name
Número de registros utilizados en: 1
001 - CONTROL NUMBER
- control field: 17961
003 - CONTROL NUMBER IDENTIFIER
- control field: DLC
005 - DATE AND TIME OF LATEST TRANSACTION
- control field: 20260324153638.0
008 - FIXED-LENGTH DATA ELEMENTS
- fixed length control field: 920518n| azannaabn |n aaa
010 ## - LIBRARY OF CONGRESS CONTROL NUMBER
- LC control number: n 92802183
035 ## - SYSTEM CONTROL NUMBER
- System control number: (OCoLC)oca03173125
040 ## - CATALOGING SOURCE
- Original cataloging agency: DNLM
- Language of cataloging: spa
- Description conventions: rda
- Transcribing agency: Mx-PuUPA
- Modifying agency: DLC
- Modifying agency: DNLM
- Modifying agency: Mx-PuUPA
100 1# - HEADING--PERSONAL NAME
- Personal name: Reyneke, Johan P.,
373 ## - ASSOCIATED GROUP
- Associated group: Centro de Cirugía Ortognática
- Associated group: Departamento de Cirugía Oral Maxilofacial
374 ## - OCCUPATION
- Occupation: Autor
- Occupation: Director
- Occupation: Profesor
375 ## - GENDER
- Gender: hombre
377 ## - ASSOCIATED LANGUAGE
- Language code: eng
670 ## - SOURCE DATA FOUND
- Source citation: His Introduction to orthognathic surgery, c1991:
- Information found: t.p. (Johan P. Reyneke, M.Ch.D. (Pret); visiting senior specialist, Dept. of Maxillofacial and Oral Surgery, Univ. of the Witwatersrand, Johannesburg)